| 000 | 00376nam a2200145Ia 4500 | ||
|---|---|---|---|
| 005 | 20250322143029.0 | ||
| 008 | 240331s9999 xx 000 0 und d | ||
| 082 |
_bMAH _a894 |
||
| 100 | _aMahendran, K | ||
| 245 | 0 | _aVaalvu oru valai panthaaddam | |
| 260 |
_aThellipalai _bKalai ilakkiyakalam _c1997 |
||
| 300 | _aviii, | ||
| 500 | _aA collection of short stories | ||
| 942 | _cL | ||
| 999 |
_c4330 _d4330 |
||